| 000 -LEADER |
| fixed length control field |
01627nam a2200169 4500 |
| 008 - FIXED-LENGTH DATA ELEMENTS--GENERAL INFORMATION |
| fixed length control field |
191129b ||||| |||| 00| 0 eng d |
| 100 ## - MAIN ENTRY--PERSONAL NAME |
| Personal name |
Reddy, Gautham |
| 245 ## - TITLE STATEMENT |
| Title |
The Andhra Sahitya Parishat: Language, nation and empire in colonial South India (1911-15) |
| 260 ## - PUBLICATION, DISTRIBUTION, ETC. (IMPRINT) |
| Name of publisher, distributor, etc |
Indian Economic and Social History Review |
| 300 ## - PHYSICAL DESCRIPTION |
| Extent |
56(3), Jul-Sep, 2019: p.283-310. |
| 520 ## - SUMMARY, ETC. |
| Summary, etc |
The Andhra Sahitya Parishat or the Telugu Academy as it was also known occupied a definitive role in the formation of a Telugu public and the development of Telugu literary activism in the early twentieth century. This essay revisits the early years of the Andhra Sahitya Parishat (1911–15) in order to examine questions related to the origins of ‘Telugu Classicism’ and its relationship to Indian negotiations with colonial modernity. By reviewing the Parishat’s membership, early interventions in public literary controversies, and its successful attempts to position itself as a nationalist intermediary, this essay produces new insights on the emergence and aspirations of an English-educated Telugu middle class. Ultimately, it demonstrates that Telugu Classicism was an integral dimension of early twentieth-century projects to modernise the Telugu language and constructively contributed to the imagination of Telugu as a ‘national’ as well as ‘classical’ language in an era of British imperialism. - Reproduced. |
| 650 ## - SUBJECT ADDED ENTRY--TOPICAL TERM |
| Topical term or geographic name as entry element |
Andhra Sahitya Parishat |
| 9 (RLIN) |
14051 |
| 650 ## - SUBJECT ADDED ENTRY--TOPICAL TERM |
| Topical term or geographic name as entry element |
Language politics |
| 9 (RLIN) |
14052 |
| 773 ## - HOST ITEM ENTRY |
| Main entry heading |
Indian Economic and Social History Review |
| 906 ## - LOCAL DATA ELEMENT F, LDF (RLIN) |
| Subject DIP |
Cultural history - India |
| 942 ## - ADDED ENTRY ELEMENTS (KOHA) |
| Source of classification or shelving scheme |
|
| Item type |
Articles |